<?xml version="1.0" encoding="UTF-8"?>
<collection xmlns="http://www.loc.gov/MARC21/slim">
 <record>
  <leader>01340oam2a2200265   4500</leader>
  <controlfield tag="001">in00000004574</controlfield>
  <controlfield tag="005">20230616165539.9</controlfield>
  <datafield tag="010" ind1=" " ind2=" ">
   <subfield code="a">978-7-121-41547-0</subfield>
   <subfield code="d">CNY138.00</subfield>
  </datafield>
  <datafield tag="035" ind1=" " ind2=" ">
   <subfield code="a">01215700</subfield>
  </datafield>
  <datafield tag="100" ind1=" " ind2=" ">
   <subfield code="a">20210903d2021    em y0chiy50      ea</subfield>
  </datafield>
  <datafield tag="101" ind1="0" ind2=" ">
   <subfield code="a">chi</subfield>
  </datafield>
  <datafield tag="102" ind1=" " ind2=" ">
   <subfield code="a">CN</subfield>
   <subfield code="b">110000</subfield>
  </datafield>
  <datafield tag="105" ind1=" " ind2=" ">
   <subfield code="a">ak  az  000yy</subfield>
  </datafield>
  <datafield tag="106" ind1=" " ind2=" ">
   <subfield code="a">r</subfield>
  </datafield>
  <datafield tag="200" ind1="1" ind2=" ">
   <subfield code="a">5G+C-V2X车载通信关键技术</subfield>
   <subfield code="9">5G+C-V2Xche zai tong xin guan jian ji shu</subfield>
   <subfield code="f">肖海林著</subfield>
  </datafield>
  <datafield tag="210" ind1=" " ind2=" ">
   <subfield code="a">北京</subfield>
   <subfield code="c">电子工业出版社</subfield>
   <subfield code="d">2021</subfield>
  </datafield>
  <datafield tag="215" ind1=" " ind2=" ">
   <subfield code="a">13, 335页</subfield>
   <subfield code="c">图</subfield>
   <subfield code="d">26cm</subfield>
  </datafield>
  <datafield tag="225" ind1="2" ind2=" ">
   <subfield code="a">5G新技术丛书</subfield>
  </datafield>
  <datafield tag="320" ind1=" " ind2=" ">
   <subfield code="a">有书目</subfield>
  </datafield>
  <datafield tag="330" ind1=" " ind2=" ">
   <subfield code="a">本书全面、系统地阐述了5G+C-V2X车载通信关键技术。全书共12章,主要内容包括车载时变信道建模技术、协作通信技术、全双工技术、D2D技术、NOMA技术、组播通信技术、虚拟小区与NB-IoT技术、区块链技术、计算卸载技术、认知无线电技术和可见光技术。本书系统性强,内容编排连贯;注重基本概念、基本原理概述,对系统基本性能的物理意义解释明确;强调车载通信在实际中的应用;注重知识的归纳、总结。</subfield>
  </datafield>
  <datafield tag="461" ind1=" " ind2="0">
   <subfield code="1">2001 </subfield>
   <subfield code="a">5G新技术丛书</subfield>
  </datafield>
  <datafield tag="606" ind1="0" ind2=" ">
   <subfield code="a">汽车</subfield>
   <subfield code="x">物联网</subfield>
  </datafield>
  <datafield tag="690" ind1=" " ind2=" ">
   <subfield code="a">U469-39</subfield>
   <subfield code="v">5</subfield>
  </datafield>
  <datafield tag="701" ind1=" " ind2="0">
   <subfield code="a">肖海林</subfield>
   <subfield code="9">xiao hai lin</subfield>
   <subfield code="4">著</subfield>
  </datafield>
  <datafield tag="999" ind1="f" ind2="f">
   <subfield code="s">238e5095-2b2f-4969-9dfb-65afcadfbf6e</subfield>
   <subfield code="i">93b90a38-79fe-45ff-a2f7-087e8169e7ac</subfield>
  </datafield>
 </record>
</collection>
